ბათუმის შოთა რუსთაველის სახელმწიფო უნივერსიტეტის ბიბლიოთეკა

ნახშირწყლების ქიმია / (ბიბ.ჩანაწერი № 63032)

000 -ლიდერი
ფიქსირებული სიგრძის საკონტროლო ველი 01018nam a22002177a 4500
003 - საკონტროლო ნომრის იდენტიფიკატორი
საკონტროლო ველი Ge_BSU
005 - ბოლო ოპერაციის თარიღი და დრო
საკონტროლო ველი 20250514173545.0
008 - ფიქსირებული სიგრძის მონაცემთა ელემენტები - ზოგადი ინფორმაცია
ფიქსირებული სიგრძის საკონტროლო ველი 250514s2011 ge ||||| |||| 00| 0 geo d
020 ## - წიგნის საერთაშორისო სტანდარტული ნომერი
International Standard Book Number 9789941132216
041 ## - ენის კოდი
Language code of text/sound track or separate title geo
080 ## - უნივერსალური ათობითი კლასიფიკაციის ინდექსი
Universal Decimal Classification number 547.454(075.8) ს-47
100 ## - მთავარი ჩანაწერი - პიროვნების სახელი
Personal name სიდამონიძე, ნელი
9 (RLIN) 25043
245 ## - ცნობა სათაურის შესახებ
Title ნახშირწყლების ქიმია /
Statement of responsibility, etc ნელი სიდამონიძე; რედ. : მ. გვერდწითელი; თსუ.
264 ## - წარმოების, გამოცემის, დისტრიბუციის და სხვა ცნობები
გამოცემის, წარმოების, დისტრიბუციის... ადგილი თბილისი:
გამოცემის, წარმოების, დისტრიბუციის... სახელწოდება უნივერსიტეტის გამომცემლობა,
გამოცემის, წარმოების, დისტრიბუციის... თარიღი 2011.
300 ## - ფიზიკური აღწერა
Extent 369 გვ.:
Other physical details ილ.;
Dimensions 26 სმ.
500 ## - ზოგადი შენიშვნა
General note განმარტ. ლექსიკონი გვ. 364-366
504 ## - BIBLIOGRAPHY, ETC. NOTE
Bibliography, etc ბიბლიოგრ. გვ. 367-369
653 ## - INDEX TERM--UNCONTROLLED
Uncontrolled term ნახშირწყლების ქიმია
700 ## - ADDED ENTRY--PERSONAL NAME
Personal name გვერდწითელი, მ.
Relator term რედაქტორი
9 (RLIN) 25044
942 ## - ADDED ENTRY ELEMENTS (KOHA)
Source of classification or shelving scheme
Koha item type წიგნი
ეგზემპლარები
ჩამოწერის სტატუსი დაკარგული ეგზემპლარის სტატუსი კლასიფიკაციის წყარო ან თაროზე გაწყობის სქემა დაზიანების სტატუსი არ გაიცემა მუდმივი მდებარეობა (დაცვის ადგილი) ამჟამინდელი ადგილსამყოფელი თაროზე განთავსების ადგილი შეძენის თარიღი ღირებულება, შესყიდვის ნორმალური ფასი სრული შენახვის შიფრი შტრიხკოდი ბოლო ოპერაციის თარიღი ეგზემპლარის მიმდევრობითი ნომერი (კეტერი?) ფასის ძალაში შესვლის თარიღი ეგზემპლარის სახეობა საჯარო შენიშვნა
          ბათუმის შოთა რუსთაველის სახელმწიფო უნივერსიტეტის მთავარი ბიბლიოთეკა ბათუმის შოთა რუსთაველის სახელმწიფო უნივერსიტეტის მთავარი ბიბლიოთეკა წიგნსაცავი 2025-05-14 64.00 547.454(075.8) ს-47 71428 2025-05-14 71428 2025-05-14 წიგნი 64 ლ.
          ბათუმის შოთა რუსთაველის სახელმწიფო უნივერსიტეტის მთავარი ბიბლიოთეკა ბათუმის შოთა რუსთაველის სახელმწიფო უნივერსიტეტის მთავარი ბიბლიოთეკა წიგნსაცავი 2025-05-14 64.00 547.454(075.8) ს-47 71429 2025-05-14 71429 2025-05-14 წიგნი 64 ლ.
          ბათუმის შოთა რუსთაველის სახელმწიფო უნივერსიტეტის მთავარი ბიბლიოთეკა ბათუმის შოთა რუსთაველის სახელმწიფო უნივერსიტეტის მთავარი ბიბლიოთეკა წიგნსაცავი 2025-05-14 64.00 547.454(075.8) ს-47 71430 2025-05-14 71430 2025-05-14 წიგნი 64 ლ.
          ბათუმის შოთა რუსთაველის სახელმწიფო უნივერსიტეტის მთავარი ბიბლიოთეკა ბათუმის შოთა რუსთაველის სახელმწიფო უნივერსიტეტის მთავარი ბიბლიოთეკა წიგნსაცავი 2025-05-14 64.00 547.454(075.8) ს-47 71431 2025-05-14 71431 2025-05-14 წიგნი 64 ლ.
          ბათუმის შოთა რუსთაველის სახელმწიფო უნივერსიტეტის მთავარი ბიბლიოთეკა ბათუმის შოთა რუსთაველის სახელმწიფო უნივერსიტეტის მთავარი ბიბლიოთეკა წიგნსაცავი 2025-05-14 64.00 547.454(075.8) ს-47 71432 2025-05-14 71432 2025-05-14 წიგნი 64 ლ.